000 00878nam a2200253Ia 4500
003 OSt
005 20220923223629.0
006 a|||||r|||| 00| 0
007 ta
008 220922b |||||||| |||| 00| 0 hin d
024 _a219,178
037 _cTextual
040 _aARTS
_cARTS
_bhin
041 _2hin
_ahin
082 _aO152,1M5:g(Y), P3
100 _aशर्मा, जगदेव कुमार
245 0 _aरीतिकालीन रीतिमुक्त काव्य में लोकतत्व
246 _aRītikālīn rītimukta kāvya mean lokatatva
260 _aदिल्ली
_b संजय
_c2003
300 _a363i`
_ccm.
650 _aहिन्दी साहित्य
_9156264
942 _hO152,1M5:g(Y), P3
_cTEXL
_2CC
999 _c366498
_d366498